Borderlands 3 quiz - Statistics

General Stats
  • This quiz has been taken 325 times
  • The average score is 6 of 13
Answer Stats
Hint Answer % Correct
Siren Name Amara
85%
Beastmaster Name Fl4k
85%
Operative Name Zane
85%
Gunner Name Moze
81%
First vaulthunter Typhon
66%
First Boss you fight Shiv
62%
Main Antagonists calypso
59%
Captain Underpants vaughn
53%
Best NPC in the game Ava
20%
His gun gun gun
20%
strange symbols scattered across the borderlands eridian writing
10%
Who 'Sacrifices' themselves lillth
2%
who voice do you hear when you find an symbols myriad
2%
No matching quizzes found
Score Distribution
Percent of People with Each Score
Percentile by Number Answered
Your Score History
You have not taken this quiz